Central Library OPAC University of Rajshahi

History of modern Orissa / (Record no. 27539)

MARC details
000 -LEADER
fixed length control field 00765nam a2200253 a 4500
001 - CONTROL NUMBER
control field 27539
003 - CONTROL NUMBER IDENTIFIER
rucl marc code BD-RjUL
005 - DATE AND TIME OF LATEST TRANSACTION
control field 20211209051152.0
008 - FIXED-LENGTH DATA ELEMENTS--GENERAL INFORMATION
fixed length control field 140325s1989 ii b 001 0 eng d
035 ## - SYSTEM CONTROL NUMBER
System control number OCLC 20826187 from eko054
-- (BD-RjUL) 27613
040 ## - CATALOGING SOURCE
Original cataloging agency DLC
Transcribing agency DLC
Language of cataloging eng
Modifying agency BD-RjUL
041 ## - LANGUAGE CODE
Language code of text/sound track or separate title eng
082 ## - DEWEY DECIMAL CLASSIFICATION NUMBER
Classification number 954.13
Edition number 20
Author mark and year SAH 1989
100 1# - MAIN ENTRY--PERSONAL NAME
Personal name Samal, J. K.,
Dates associated with a name 1943-
9 (RLIN) 84596
245 10 - TITLE STATEMENT
Title History of modern Orissa /
Statement of responsibility, etc. J.K. Samal
260 ## - PUBLICATION, DISTRIBUTION, ETC. (IMPRINT)
Place of publication, distribution, etc. Calcutta :
Name of publisher, distributor, etc. Firma KLM,
Date of publication, distribution, etc. 1989.
300 ## - PHYSICAL DESCRIPTION
Pagination vi, 188 p. ;
Size 22 cm
504 ## - BIBLIOGRAPHY, ETC. NOTE
Bibliography, etc Includes bibliographical references (p. [181]-184) and index.
650 ## - SUBJECT ADDED ENTRY--TOPICAL TERM
Topical term or geographic name as entry element Orissa (India)
9 (RLIN) 84597
651 #0 - SUBJECT ADDED ENTRY--GEOGRAPHIC NAME
Geographic name Orissa (India)
General subdivision History
9 (RLIN) 84598
942 ## - ADDED ENTRY ELEMENTS (KOHA)
Source of classification or shelving scheme Dewey Decimal Classification
Koha item type Books
Holdings
Lost status Source of classification or shelving scheme Damaged status Not for loan Collection code Permanent Location Current Location Shelving location Date acquired Source of acquisition Cost, normal purchase price Total Checkouts Full call number Date last seen Copy number Koha item type
  Dewey Decimal Classification     Non-fiction Central Library, University of Rajshahi Central Library, University of Rajshahi   07/03/1998 Aligarh Library Dhaka 120.00   954.13 SAH 1989 25/03/2014 C-4 Books
  Dewey Decimal Classification   Added to bundle Non-fiction Central Library, University of Rajshahi Central Library, University of Rajshahi Reading Room 25/07/1996 Ankur prakashani 120.00   954.13 SAH 1989 25/03/2014 C-1 Books
  Dewey Decimal Classification     Non-fiction Central Library, University of Rajshahi Central Library, University of Rajshahi   25/07/1996 Angkur Prokashan, Dhaka 120.00   954.13 SAH 1989 05/11/2016 C-2 Books
  Dewey Decimal Classification     Non-fiction Central Library, University of Rajshahi Central Library, University of Rajshahi   07/03/1998 Dhaka paragon Enterprise 124.00   954.13 SAH 1989 05/11/2016 C-3 Books